[Event "19th Dubai Open 2017"]
[Site "Dubai UAE"]
[Date "2017.04.04"]
[Round "2.13"]
[White "Salgado Lopez, Ivan"]
[Black "Ahmadzada, Ahmad"]
[Result "1/2-1/2"]
[WhiteTitle "GM"]
[BlackTitle "FM"]
[WhiteElo "2641"]
[BlackElo "2355"]
[WhiteFideId "2257327"]
[BlackFideId "13413007"]
[EventDate "2017.04.03"]

1. d4 Nf6 2. c4 e6 3. Nf3 c5 4. g3 cxd4 5. Nxd4 Bb4+ 6. Nd2 Nc6 7. Nc2 Be7 8.
Bg2 O-O 9. O-O d5 10. cxd5 Nxd5 11. Nc4 b5 12. N4e3 Nxe3 13. Bxe3 Bb7 14. Nd4
Nxd4 15. Bxb7 Rb8 16. Bg2 Bf6 17. Bd2 Qb6 18. e3 Nf5 19. Rc1 Rfc8 20. Rc2 Nd6
21. Qb1 Rxc2 22. Qxc2 Rc8 23. Qb1 g6 24. Rd1 Nc4 25. Bc1 Qc5 26. Bf1 Qh5 27. Qc2
Nb6 28. Qd3 Rd8 29. Qxd8+ Bxd8 30. Rxd8+ Kg7 31. Bd2 Qc5 32. a3 Qc7 33. Bc3+ f6
34. Re8 Qd7 35. Rb8 Qc7 36. Re8 Nd5 37. Rxe6 Nxc3 38. bxc3 Kf7 39. Ra6 Qb7 40.
Rd6 Qc7 1/2-1/2

[Event "19th Dubai Open 2017"]
[Site "Dubai UAE"]
[Date "2017.04.04"]
[Round "2.14"]
[White "Hesham, Abdelrahman"]
[Black "Zhang, Zhong"]
[Result "1-0"]
[WhiteTitle "GM"]
[BlackTitle "GM"]
[WhiteElo "2348"]
[BlackElo "2641"]
[WhiteFideId "10600183"]
[BlackFideId "8600694"]
[EventDate "2017.04.03"]

1. d4 d6 2. c4 e5 3. Nc3 exd4 4. Qxd4 Nc6 5. Qd2 Nf6 6. b3 a5 7. Bb2 a4 8. Rd1
axb3 9. axb3 Be6 10. e4 g6 11. Nge2 Bg7 12. Nf4 O-O 13. Be2 Nd7 14. Na4 Bxb2 15.
Qxb2 Qg5 16. g3 Qa5+ 17. Nc3 Qe5 18. Nd3 Qg7 19. O-O Nd4 20. Rc1 Nc5 21. Nxc5
dxc5 22. f4 Ra6 23. Bd1 Bh3 24. Rf2 Re8 25. b4 Rb6 26. b5 Rbe6 27. Bc2 Bg4 28.
Bd3 h5 29. Kg2 h4 30. gxh4 Qf6 31. h3 Bh5 32. Kg3 Nf5+ 33. exf5 Re3+ 34. Kh2
Rxd3 35. Nd5 Qxb2 36. Rxb2 Kg7 37. f6+ Kh6 38. Ne7 Rd6 39. Re1 Kh7 40. Re5 Rxf6
41. Nd5 Rfe6 42. Nf6+ Rxf6 43. Rxe8 Rxf4 44. Re7 b6 45. Rxc7 Kh6 46. Rc6 f5 47.
Rxb6 Rxc4 48. Rb8 f4 49. b6 Bf3 50. b7 Rc1 51. Rg2 1-0

[Event "19th Dubai Open 2017"]
[Site "Dubai UAE"]
[Date "2017.04.04"]
[Round "2.16"]
[White "Dhulipalla, Bala Chandra Prasad"]
[Black "Yilmaz, Mustafa"]
[Result "0-1"]
[BlackTitle "GM"]
[WhiteElo "2337"]
[BlackElo "2614"]
[WhiteFideId "25005812"]
[BlackFideId "6302718"]
[EventDate "2017.04.03"]

1. d4 Nf6 2. Bf4 e6 3. e3 c5 4. Nf3 d5 5. Nbd2 Nc6 6. c3 cxd4 7. exd4 Nh5 8. Be3
Bd6 9. Ne5 g6 10. Ndf3 O-O 11. g3 f6 12. Ng4 Ng7 13. Nh6+ Kh8 14. Be2 b6 15. O-O
Bb7 16. Re1 Qd7 17. Bf1 Rad8 18. h4 Qc7 19. Rc1 Ne7 20. Bh3 e5 21. dxe5 fxe5 22.
Bg2 Nef5 23. Bg5 Rde8 24. Ng4 e4 25. Nd4 Qf7 26. Re2 Ba6 27. Nxf5 gxf5 28. Nh6
Qe6 29. Rd2 f4 30. Rxd5 e3 31. fxe3 Bc5 32. Kh2 fxg3+ 33. Kh1 Bb7 34. b4 Bxe3
35. Bxe3 Bxd5 36. Qxd5 Qxd5 37. Bxd5 Rxe3 38. Nf7+ Rxf7 39. Bxf7 Nf5 40. Kg2 Kg7
41. Bd5 Re2+ 42. Kf3 Rf2+ 43. Kg4 Kf6 44. Be4 g2 45. Rg1 Rf1 46. Rxg2 Ne3+ 47.
Kg3 Nxg2 48. Kxg2 Ra1 49. Bxh7 Rxa2+ 50. Kf1 Ra3 51. c4 Ra4 52. c5 Rxb4 53. cxb6
axb6 54. h5 Rb2 55. Ke1 Rh2 56. Bd3 Rxh5 57. Kd2 Rc5 58. Bc2 Ke5 59. Kc1 0-1

[Event "19th Dubai Open 2017"]
[Site "Dubai UAE"]
[Date "2017.04.04"]
[Round "2.17"]
[White "Gupta, Abhijeet"]
[Black "Kulkarni, Rakesh"]
[Result "1-0"]
[WhiteTitle "GM"]
[WhiteElo "2607"]
[BlackElo "2325"]
[WhiteFideId "5010608"]
[BlackFideId "5037077"]
[EventDate "2017.04.03"]

1. d4 Nf6 2. Nf3 e6 3. c4 b6 4. g3 Bb7 5. Bg2 Be7 6. O-O O-O 7. Re1 Ne4 8. Nfd2
d5 9. Nxe4 dxe4 10. Nc3 f5 11. f3 Bf6 12. Be3 Nc6 13. fxe4 Bxd4 14. Bxd4 Qxd4+
15. Qxd4 Nxd4 16. Rac1 fxe4 17. Nxe4 Rad8 18. b4 Rf5 19. Nf2 Bxg2 20. Kxg2 Rdf8
21. Nd3 e5 22. e3 Nf3 23. Re2 Rh5 24. h3 Rg5 25. g4 h5 26. Nf2 Nh4+ 27. Kg3 Nf5+
28. Kh2 hxg4 29. Nxg4 Nh4 30. Rd1 e4 31. Rd7 Nf3+ 32. Kg3 Ne5 33. Rxc7 Rf1 34.
Rf2 Rxf2 35. Kxf2 Nd3+ 36. Kg3 Nxb4 37. Rxa7 Rc5 38. Kf4 Rxc4 39. Kf5 Nd5 40.
Ne5 Rc2 41. Kg6 Nc7 42. Rb7 Kf8 43. a4 Ke7 44. Kf5 Kd6 45. Kxe4 Na8 46. Rb8 Nc7
47. Rxb6+ Ke7 48. Rc6 Rxc6 49. Nxc6+ Kd6 50. Nd4 1-0

[Event "19th Dubai Open 2017"]
[Site "Dubai UAE"]
[Date "2017.04.04"]
[Round "2.18"]
[White "Rajesh, V A V"]
[Black "Bok, Benjamin"]
[Result "1/2-1/2"]
[WhiteTitle "IM"]
[BlackTitle "GM"]
[WhiteElo "2324"]
[BlackElo "2605"]
[WhiteFideId "5029317"]
[BlackFideId "1017063"]
[EventDate "2017.04.03"]

1. d4 d5 2. c4 e6 3. Nf3 Nf6 4. Nc3 c6 5. e3 Nbd7 6. Bd3 dxc4 7. Bxc4 b5 8. Bd3
Bd6 9. O-O O-O 10. h3 Bb7 11. e4 e5 12. Be3 Re8 13. dxe5 Nxe5 14. Nxe5 Bxe5 15.
Qc2 Qe7 16. Rfe1 Nh5 17. Rad1 a6 18. Be2 Nf6 19. Bd3 Rac8 20. b3 c5 21. Nd5 Qd6
22. f4 Nxd5 23. exd5 Bxf4 24. Bxh7+ Kh8 25. Bxf4 Rxe1+ 26. Rxe1 Qxf4 27. Qe4
Qxe4 28. Bxe4 Re8 29. Kf2 Kg8 30. Re3 Kf8 31. Bf3 Rc8 32. d6 Bxf3 33. Kxf3 Rd8
34. Rd3 c4 35. bxc4 bxc4 36. Rd4 c3 37. Ke2 Ke8 38. Kd3 Kd7 39. Kxc3 Re8 40. Rd2
Re4 41. a3 f5 42. Rd3 g6 43. Rd2 Ra4 44. Kb3 Re4 45. Rd3 Re2 46. Rg3 Re6 47. Rd3
Re2 48. g3 g5 49. Kc4 Re5 50. Kb4 f4 51. gxf4 gxf4 52. Kc4 Rf5 53. Rf3 Kxd6 54.
Kd4 Rh5 55. Ke4 Rh4 56. Kf5 Kd5 57. Rb3 Kc4 58. Rf3 Kd5 59. Rb3 Kc4 60. Kg5 Kxb3
61. Kxh4 Kxa3 62. Kg4 f3 63. Kxf3 a5 64. h4 a4 65. h5 Kb2 66. h6 a3 67. h7 a2
68. h8=Q+ Kb1 69. Qb8+ Kc2 70. Qa7 Kb1 71. Qb6+ Kc2 72. Qc5+ Kb1 73. Qb4+ Kc2
74. Qc4+ Kb2 75. Qb4+ Kc2 76. Qa3 Kb1 77. Qb3+ Ka1 78. Ke2 1/2-1/2

[Event "19th Dubai Open 2017"]
[Site "Dubai UAE"]
[Date "2017.04.04"]
[Round "2.19"]
[White "Mchedlishvili, Mikheil"]
[Black "Mohannad, Farhan"]
[Result "1-0"]
[WhiteTitle "GM"]
[BlackTitle "FM"]
[WhiteElo "2602"]
[BlackElo "2319"]
[WhiteFideId "13600966"]
[BlackFideId "8100918"]
[EventDate "2017.04.03"]

1. d4 Nf6 2. c4 g6 3. Nc3 Bg7 4. e4 d6 5. Nf3 O-O 6. Be2 Na6 7. Bf4 Nh5 8. Bg5
h6 9. Be3 e5 10. Qd2 Nf4 11. Bxf4 exf4 12. Qxf4 c5 13. Qd2 Bg4 14. O-O Re8 15.
Rad1 Rc8 16. b3 Bxf3 17. Bxf3 cxd4 18. Nb5 Nc5 19. Rfe1 Ne6 20. Bg4 Qh4 21. f3
a6 22. Bxe6 axb5 23. Bxc8 Rxc8 24. cxb5 d3 25. g3 Qh5 26. Qxd3 Rc3 27. Qe2 Rxf3
28. Kg2 Rc3 29. Qxh5 gxh5 30. Rc1 Rd3 31. Red1 Re3 32. Kf2 Rxe4 33. Rxd6 h4 34.
Rc4 hxg3+ 35. hxg3 Re5 36. a4 Rf5+ 37. Kg2 Re5 38. b6 Re3 39. Rd7 Rxb3 40. Rxb7
Be5 41. g4 1-0

[Event "19th Dubai Open 2017"]
[Site "Dubai UAE"]
[Date "2017.04.04"]
[Round "2.20"]
[White "Gomes, Mary Ann"]
[Black "Adly, Ahmed"]
[Result "0-1"]
[WhiteTitle "WGM"]
[BlackTitle "GM"]
[WhiteElo "2316"]
[BlackElo "2597"]
[WhiteFideId "5013623"]
[BlackFideId "10601619"]
[EventDate "2017.04.03"]

1. Nf3 d5 2. g3 Nf6 3. Bg2 c5 4. c4 d4 5. d3 Nc6 6. O-O Bf5 7. Nh4 Bg4 8. h3 Bd7
9. e4 e5 10. f4 h6 11. fxe5 Nxe5 12. Bf4 Bd6 13. Nf5 Bxf5 14. exf5 O-O 15. Na3
Nc6 16. Nc2 Bxf4 17. Rxf4 Qd6 18. Bxc6 bxc6 19. b4 cxb4 20. Nxd4 Rad8 21. Kh2
Rfe8 22. Qf3 Qe5 23. Qf2 c5 24. Nb3 Rxd3 25. Rg1 Re3 26. Rg2 Rd8 27. Rf3 Re1 28.
Nd2 Qa1 29. Nf1 Ne4 0-1

[Event "19th Dubai Open 2017"]
[Site "Dubai UAE"]
[Date "2017.04.04"]
[Round "2.21"]
[White "Tari, Aryan"]
[Black "Ahmad, Al Khatib"]
[Result "1-0"]
[WhiteTitle "GM"]
[BlackTitle "IM"]
[WhiteElo "2597"]
[BlackElo "2308"]
[WhiteFideId "1510045"]
[BlackFideId "8103178"]
[EventDate "2017.04.03"]

1. e4 d6 2. d4 Nf6 3. Nc3 g6 4. f4 Bg7 5. Nf3 c5 6. dxc5 Qa5 7. Qd4 O-O 8. Bd2
dxc5 9. Qg1 Qb4 10. e5 Ng4 11. O-O-O Nc6 12. h3 Nh6 13. a3 Qa5 14. Nd5 Qd8 15.
Qxc5 Nf5 16. Bb5 Bd7 17. g4 Ncd4 18. Nxd4 Rc8 19. Qxa7 Nxd4 20. Bxd7 Ne2+ 21.
Kb1 Qxd7 22. Bb4 Kh8 23. Nxe7 Qc7 24. Nxc8 Rxc8 25. Qc5 Qxc5 26. Bxc5 Nxf4 27.
Rhf1 Bxe5 28. Bd4 f6 29. Bxe5 fxe5 30. Rd7 Nxh3 31. Rxb7 Ng5 32. a4 Ra8 33. a5
Kg8 34. Rd1 1-0

[Event "19th Dubai Open 2017"]
[Site "Dubai UAE"]
[Date "2017.04.04"]
[Round "2.22"]
[White "Grigoryan, Karen"]
[Black "Indjic, Aleksandar"]
[Result "1-0"]
[WhiteTitle "IM"]
[BlackTitle "GM"]
[WhiteElo "2308"]
[BlackElo "2589"]
[WhiteFideId "14000121"]
[BlackFideId "911925"]
[EventDate "2017.04.03"]

1. c4 e6 2. d4 Nf6 3. Nf3 d5 4. Nc3 c6 5. e3 Nbd7 6. Qc2 Bd6 7. Bd3 dxc4 8. Bxc4
b5 9. Bd3 Bb7 10. Ne4 Nxe4 11. Bxe4 Rc8 12. Bd2 a5 13. O-O Nf6 14. Bd3 O-O 15.
Qd1 c5 16. Bxb5 Ng4 17. g3 c4 18. Qe2 Bb4 19. Bxb4 axb4 20. e4 Nf6 21. Bxc4 Bxe4
22. Rac1 Ba8 23. Rfd1 Qb6 24. Ne5 Rc7 25. Bb3 Rxc1 26. Rxc1 Qxd4 27. Nxf7 Kxf7
28. Qxe6+ Kg6 29. Rc4 Qxc4 30. Qxc4 Re8 31. Bc2+ Be4 32. f3 Bxc2 33. Qxc2+ 1-0

[Event "19th Dubai Open 2017"]
[Site "Dubai UAE"]
[Date "2017.04.04"]
[Round "2.23"]
[White "Pantsulaia, Levan"]
[Black "Raahul, V S"]
[Result "1-0"]
[WhiteTitle "GM"]
[WhiteElo "2589"]
[BlackElo "2306"]
[WhiteFideId "13602071"]
[BlackFideId "25035525"]
[EventDate "2017.04.03"]

1. Nf3 Nf6 2. g3 b5 3. Bg2 Bb7 4. O-O e6 5. d3 d5 6. e4 c5 7. a4 b4 8. Nbd2 Be7
9. exd5 Nxd5 10. Nc4 O-O 11. a5 Nc6 12. a6 Bc8 13. Re1 Nb8 14. Ne3 Nxa6 15. Nxd5
exd5 16. Ne5 Bb7 17. Rxa6 Bxa6 18. Nc6 Qd7 19. Nxe7+ Kh8 20. Nxd5 Rae8 21. Rxe8
Rxe8 22. Be3 Re5 23. Qf3 b3 24. c4 h6 25. Qf4 Re8 26. h4 Bb7 27. Bxc5 1-0

[Event "19th Dubai Open 2017"]
[Site "Dubai UAE"]
[Date "2017.04.04"]
[Round "2.24"]
[White "Harikrishnan, A. Ra"]
[Black "Abasov, Nijat"]
[Result "1/2-1/2"]
[BlackTitle "GM"]
[WhiteElo "2305"]
[BlackElo "2588"]
[WhiteFideId "5081483"]
[BlackFideId "13402960"]
[EventDate "2017.04.03"]

1. e4 c5 2. Nf3 Nc6 3. Nc3 e5 4. Bc4 Be7 5. d3 Nf6 6. Ng5 O-O 7. f4 exf4 8. Bxf4
d5 9. exd5 Nd4 10. O-O b5 11. d6 Bxd6 12. Bxd6 Qxd6 13. Nce4 Qe5 14. Nxf7 Rxf7
15. Bxf7+ Kxf7 16. c3 Ne6 17. Qf3 Rb8 18. Rae1 Qd5 19. Nxf6 Qxf3 20. Rxf3 gxf6
21. Ref1 Rb7 22. Rxf6+ Kg7 23. R6f3 h6 24. Rg3+ Kh7 25. Rf6 Re7 26. Rh3 Kg7 27.
Rfxh6 Nf8 28. R3h5 Bg4 29. Rh4 Re1+ 30. Kf2 Re2+ 31. Kg1 Re1+ 32. Kf2 Re2+ 33.
Kg1 Re1+ 1/2-1/2

[Event "19th Dubai Open 2017"]
[Site "Dubai UAE"]
[Date "2017.04.04"]
[Round "2.25"]
[White "Antipov, Mikhail Al."]
[Black "Khalafova, Narmin"]
[Result "1-0"]
[WhiteTitle "GM"]
[BlackTitle "WIM"]
[WhiteElo "2586"]
[BlackElo "2303"]
[WhiteFideId "4107012"]
[BlackFideId "13402625"]
[EventDate "2017.04.03"]

1. e4 c5 2. Nf3 Nc6 3. Nc3 Nf6 4. Bb5 Qc7 5. O-O Nd4 6. Re1 a6 7. Bf1 Ng4 8. e5
Nxf3+ 9. Qxf3 Nxe5 10. Qg3 d6 11. b4 cxb4 12. Nd5 Qd8 13. d4 e6 14. Nxb4 Ng6 15.
Nd5 Bd7 16. c4 Qa5 17. Bb2 Bc6 18. Bc3 Qd8 19. Rab1 Rb8 20. Nb6 Qh4 21. Qe3 Qf4
22. Qd3 Be7 23. d5 Bd7 24. g3 Qg5 25. c5 e5 26. Nxd7 Kxd7 27. c6+ Ke8 28. Rxb7
Rc8 29. Bh3 Ra8 30. c7 f5 31. Bxf5 Nf4 32. Qe4 Kf7 33. h4 1-0

[Event "19th Dubai Open 2017"]
[Site "Dubai UAE"]
[Date "2017.04.04"]
[Round "2.26"]
[White "Kulkarni, Bhakti"]
[Black "Can, Emre"]
[Result "0-1"]
[WhiteTitle "CM"]
[BlackTitle "GM"]
[WhiteElo "2286"]
[BlackElo "2578"]
[WhiteFideId "5019516"]
[BlackFideId "6302181"]
[EventDate "2017.04.03"]

1. d4 g6 2. Nf3 Bg7 3. g3 Nf6 4. Bg2 O-O 5. c4 d6 6. O-O Nbd7 7. Nc3 e5 8. e4 a6
9. Re1 Rb8 10. a4 a5 11. h3 exd4 12. Nxd4 c6 13. Be3 Re8 14. Qc2 Nc5 15. Rad1
Qb6 16. Bf4 Bf8 17. g4 Nfd7 18. Be3 Qc7 19. f4 Na6 20. Nb3 b6 21. Nd4 Nb4 22.
Qb1 Nc5 23. Rd2 Bg7 24. Red1 Ba6 25. b3 Re7 26. Bf2 Rbe8 27. Bh4 Rd7 28. Bg3 Qd8
29. e5 Bb7 30. Nf3 dxe5 31. Rxd7 Nxd7 32. Nxe5 Re7 33. Ne4 f6 34. Nd3 c5 35.
Nxb4 cxb4 36. Nxf6+ Bxf6 37. Bxb7 Qc7 38. Bd5+ Kh8 39. Qd3 Bc3 40. f5 Be5 41.
Bh4 Bf6 42. g5 Bc3 43. f6 Re8 44. f7 Rf8 45. Bg3 Be5 46. Bxe5+ Qxe5 47. Qd2 Qg3+
48. Qg2 Qxb3 49. Re1 Qc3 50. Qf2 b3 51. Be6 Nc5 52. Re3 b2 53. Rxc3 b1=Q+ 54.
Kh2 Nxe6 55. Qf6+ Ng7 56. Qe7 Qb4 57. Qf6 Qxa4 58. Re3 Qa2+ 59. Kg3 Qxc4 60. Re8
Qc5 61. Kh2 a4 62. h4 a3 63. h5 gxh5 64. g6 a2 65. Qd4 Qa3 66. Qd8 Ne6 67. Qf6+
Ng7 68. Qd8 Qb2+ 69. Kh3 Qc3+ 70. Kh2 Qc2+ 71. Kh3 Qf5+ 72. Kh2 Qf4+ 73. Kh3
Nxe8 74. Qe7 Qf5+ 75. Kh2 Qc2+ 76. Kh3 Qf5+ 77. Kh2 Qc2+ 78. Kh3 Qc8+ 79. Kg2
Ng7 0-1

[Event "19th Dubai Open 2017"]
[Site "Dubai UAE"]
[Date "2017.04.04"]
[Round "2.27"]
[White "Pratyusha, Bodda"]
[Black "Lalith, Babu M R"]
[Result "1/2-1/2"]
[WhiteTitle "WIM"]
[BlackTitle "GM"]
[WhiteElo "2281"]
[BlackElo "2571"]
[WhiteFideId "5000629"]
[BlackFideId "5024595"]
[EventDate "2017.04.03"]

1. e4 Nf6 2. e5 Nd5 3. d4 d6 4. c4 Nb6 5. Nf3 Bg4 6. exd6 cxd6 7. h3 Bxf3 8.
Qxf3 Nc6 9. Be3 g6 10. Nc3 Bg7 11. Rd1 O-O 12. h4 e5 13. dxe5 Nxe5 14. Qf4 Qc8
15. Bxb6 axb6 16. Be2 Nc6 17. Rd2 Be5 18. Qh6 Nd4 19. h5 Bg7 20. Qf4 Nxe2 21.
Rxe2 Bxc3+ 22. bxc3 Re8 23. Re3 Rxe3+ 24. fxe3 Qe6 25. O-O Rc8 26. Rd1 Rxc4 27.
Rxd6 Rxf4 28. Rxe6 fxe6 29. exf4 gxh5 30. Kf2 Kf7 31. Kg3 Kg6 32. Kh4 b5 33. g3
Kh6 34. Kh3 Kg7 35. Kh4 Kg6 36. Kh3 Kf5 37. Kh4 e5 38. fxe5 Kxe5 39. Kxh5 Kf5
40. a3 Ke4 41. g4 Kf4 42. Kh4 Kf3 43. Kg5 Ke4 44. Kh5 Kf4 45. Kh4 Ke5 46. Kh5
Ke4 47. Kg5 Kf3 48. Kh5 Kg3 49. Kg5 Kf3 50. Kh5 h6 51. Kxh6 Kxg4 52. Kg6 Kf4 53.
Kf6 Ke4 54. Ke6 Kd3 55. Kd5 Kxc3 56. Kc5 Kb3 57. Kxb5 Kxa3 58. Kb6 Kb4 59. Kxb7
Ka4 1/2-1/2

[Event "19th Dubai Open 2017"]
[Site "Dubai UAE"]
[Date "2017.04.04"]
[Round "2.28"]
[White "Santos Latasa, Jaime"]
[Black "Saurabh, Anand"]
[Result "1-0"]
[WhiteTitle "IM"]
[WhiteElo "2565"]
[BlackElo "2284"]
[WhiteFideId "2293307"]
[BlackFideId "5094496"]
[EventDate "2017.04.03"]

1. Nf3 Nf6 2. g3 d5 3. Bg2 e6 4. O-O c5 5. b3 Be7 6. Bb2 O-O 7. c4 Nc6 8. e3 b6
9. Nc3 Bb7 10. cxd5 Nxd5 11. Nxd5 exd5 12. d4 cxd4 13. Nxd4 Nxd4 14. Bxd4 Qd6
15. Rc1 Rac8 16. Bh3 Rxc1 17. Qxc1 f5 18. Rd1 g6 19. Bg2 Rd8 20. Qb2 Kf7 21. Bf3
Qa3 22. Qa1 Qd6 23. Kg2 Qe6 24. Qb2 Ba8 25. h3 Bb7 26. Qe2 Kg8 27. Qb5 Qd7 28.
Qd3 Qe6 29. Bb2 Kf7 30. Rc1 Rd7 31. Bd4 Bf6 32. Bxf6 Qxf6 33. Qb5 Qd6 34. Rd1
Rd8 35. Qa4 a6 36. Rd4 Kg8 37. Rd2 Kf7 38. Qh4 Kg7 39. Qd4+ Qf6 40. Qb4 Qd6 41.
Qc3+ Kg8 42. Rd4 Qe5 43. Qb4 Qd6 44. Qd2 Qe6 45. b4 Qe5 46. Be2 Qe6 47. Qb2 Qe5
48. Kg1 Qe6 49. Bd3 Qe5 50. h4 h5 51. Qe2 Ra8 52. Qd1 Qe6 53. Be2 Kg7 54. Bf3
Rd8 55. Qd2 Kh7 56. Kh2 Kg8 57. Rd3 Qe5 58. a4 Kg7 59. Rd4 Kg8 60. Qc3 Kh7 61.
a5 b5 62. Qc5 Qd6 63. Qxd6 Rxd6 64. Kg2 Kg7 65. Rd2 Kf6 66. Rc2 Ke6 67. Rc5 Rd7
68. Kf1 Kd6 69. Ke2 Rc7 70. Rxc7 Kxc7 71. Kd3 Kd6 72. Kd4 Bc6 73. Bd1 Bd7 74.
Bb3 Bc6 75. f3 Bb7 76. Bd1 Bc6 77. g4 Bd7 78. gxh5 gxh5 79. Bb3 Be6 80. Ba2 f4
81. exf4 Bg8 82. Bb1 Bf7 83. Bf5 Kc7 84. Kc5 Kb7 85. Bc2 Kc7 86. Bb3 Be6 87.
Bxd5 Bf5 88. Bf7 Bd7 89. Bxh5 Be6 90. Bg6 1-0

[Event "19th Dubai Open 2017"]
[Site "Dubai UAE"]
[Date "2017.04.04"]
[Round "2.29"]
[White "Arjun, Kalyan"]
[Black "Fier, Alexandr"]
[Result "0-1"]
[BlackTitle "GM"]
[WhiteElo "2280"]
[BlackElo "2562"]
[WhiteFideId "35018701"]
[BlackFideId "2107139"]
[EventDate "2017.04.03"]

1. e4 c5 2. Nf3 e6 3. d4 cxd4 4. Nxd4 Nc6 5. Nc3 Qc7 6. Be3 a6 7. Qd2 Nf6 8.
O-O-O Bb4 9. f3 Ne5 10. Nb3 b5 11. Kb1 Be7 12. Qf2 Bb7 13. Bb6 Qb8 14. Bd4 d6
15. g4 b4 16. Ne2 Qc7 17. Bg2 O-O 18. g5 Nfd7 19. f4 Nc4 20. Be3 Rfc8 21. Bc1 a5
22. f5 a4 23. Nbd4 e5 24. f6 exd4 25. fxe7 Ne3 26. Rd2 Nxg2 27. Qxg2 Nc5 28. Ng3
b3 29. Rxd4 Qxe7 30. cxb3 Nxb3 31. Rdd1 Nxc1 32. Rxc1 Qxg5 33. Rcd1 Qe5 34. Rhe1
a3 35. Qd2 Ra4 36. Rc1 Rxc1+ 37. Rxc1 Bxe4+ 38. Nxe4 Qxe4+ 39. Qc2 axb2 40. Kxb2
Qe5+ 41. Qc3 Rb4+ 42. Ka1 Rc4 0-1

[Event "19th Dubai Open 2017"]
[Site "Dubai UAE"]
[Date "2017.04.04"]
[Round "2.30"]
[White "Xu, Yinglun"]
[Black "Kuznetsov, Mikhail V."]
[Result "1/2-1/2"]
[BlackTitle "FM"]
[WhiteElo "2557"]
[BlackElo "2279"]
[WhiteFideId "8604940"]
[BlackFideId "4194900"]
[EventDate "2017.04.03"]

1. d4 Nf6 2. c4 e6 3. Nf3 Bb4+ 4. Bd2 Qe7 5. g3 O-O 6. Bg2 Bxd2+ 7. Qxd2 d6 8.
Nc3 e5 9. O-O Bg4 10. Rfe1 Re8 11. h3 Bc8 12. e4 c5 13. dxe5 dxe5 14. Nd5 Qd8
15. b4 cxb4 16. Qxb4 Nc6 17. Qb5 Rb8 18. Rad1 Nd7 19. c5 Nf8 20. Ne3 Qc7 21. Rd6
Qa5 22. a4 a6 23. Qxa5 Nxa5 24. Rc1 Bd7 1/2-1/2

[Event "19th Dubai Open 2017"]
[Site "Dubai UAE"]
[Date "2017.04.04"]
[Round "2.31"]
[White "Maisuradze, Nino"]
[Black "Pichot, Alan"]
[Result "1/2-1/2"]
[WhiteTitle "WGM"]
[BlackTitle "GM"]
[WhiteElo "2273"]
[BlackElo "2556"]
[WhiteFideId "13601717"]
[BlackFideId "110973"]
[EventDate "2017.04.03"]

1. d4 Nf6 2. c4 e6 3. Nf3 d5 4. cxd5 exd5 5. Nc3 a6 6. Bg5 Be6 7. e3 Nbd7 8. Be2
Bd6 9. O-O O-O 10. Rc1 c6 11. Qc2 Qc7 12. Bh4 Rfe8 13. Bg3 Bxg3 14. hxg3 g6 15.
Bd3 Bg4 16. b4 Kg7 17. a4 Bxf3 18. gxf3 Rac8 19. Qb2 Qd6 20. Rfd1 h5 21. e4 h4
22. e5 Nxe5 23. dxe5 Qxe5 24. Kg2 hxg3 25. fxg3 d4 26. Ne2 Nd5 27. Rh1 Ne3+ 28.
Kf2 Rcd8 29. Rh4 f5 30. Rxd4 Nd5 31. Rh1 Nf6 32. Qc3 Qe3+ 33. Kg2 Rxd4 34. Qxd4
Qd2 35. Rh4 Re3 36. Bc4 Rxe2+ 37. Bxe2 Qxe2+ 38. Qf2 Qe7 39. Qd2 Qe5 40. Rh1 Nd5
41. Re1 Qf6 42. a5 g5 43. Rd1 f4 44. Rh1 Qe5 45. g4 Qf6 46. Kf2 Qe5 47. Re1 Ne3
48. Qd7+ Kg6 49. Qd3+ Kg7 50. Qd7+ Kg6 51. Qd3+ Kg7 52. Qd2 Kf7 53. Rh1 Nd5 54.
Rh7+ Kg8 55. Rxb7 Qa1 56. Qc2 Qd4+ 57. Ke1 Qg1+ 58. Ke2 Qe3+ 59. Kf1 Qxf3+ 60.
Ke1 Qg3+ 61. Ke2 f3+ 62. Kd3 f2+ 63. Ke4 Qf4+ 1/2-1/2

[Event "19th Dubai Open 2017"]
[Site "Dubai UAE"]
[Date "2017.04.04"]
[Round "2.32"]
[White "Sunilduth Lyna, Narayanan"]
[Black "Sankalp, Gupta"]
[Result "1-0"]
[WhiteTitle "GM"]
[WhiteElo "2551"]
[BlackElo "2265"]
[WhiteFideId "5058422"]
[BlackFideId "5097010"]
[EventDate "2017.04.03"]

1. c4 e5 2. Nc3 Nc6 3. Nf3 Nf6 4. a3 d5 5. cxd5 Nxd5 6. Qc2 Be6 7. e3 a6 8. b4
Bd6 9. Bb2 Nde7 10. Ng5 Bf5 11. Qb3 O-O 12. Bc4 Qe8 13. O-O h6 14. Nge4 Kh8 15.
f4 b5 16. Be2 Be6 17. Qd1 f5 18. Nxd6 cxd6 19. a4 Nxb4 20. axb5 axb5 21. Nxb5
Bd5 22. Nc7 Qg6 23. Nxd5 Nbxd5 24. Rxa8 Rxa8 25. fxe5 dxe5 26. Bxe5 Qe6 27. Ba1
Rd8 28. Qb3 Kh7 29. Bc4 Qb6 30. Bxd5 Nxd5 31. Qxb6 Nxb6 32. Rxf5 Rxd2 33. Bd4
Nc4 34. Rf7 Kg6 35. Rc7 Rc2 36. h4 Kf5 37. Rxg7 Re2 38. Rg3 Nd2 39. h5 Re1+ 40.
Kf2 Rb1 41. Rg6 Ne4+ 42. Ke2 Rg1 43. Kd3 Rd1+ 44. Kc4 Ng5 45. Rxh6 Kg4 46. Rh8
Rg1 47. h6 Kh5 48. Bf6 Nf7 49. Rg8 Kxh6 50. Kd5 Rb1 51. Ke6 Rb7 52. g4 Ra7 53.
e4 Rb7 54. e5 Ra7 55. Kf5 Ra1 56. g5+ Kh5 57. Rg7 1-0

[Event "19th Dubai Open 2017"]
[Site "Dubai UAE"]
[Date "2017.04.04"]
[Round "2.33"]
[White "Blagojevic, Tijana"]
[Black "Schroeder, Jan-Christian"]
[Result "1-0"]
[WhiteTitle "WIM"]
[BlackTitle "GM"]
[WhiteElo "2261"]
[BlackElo "2529"]
[WhiteFideId "16500270"]
[BlackFideId "24662259"]
[EventDate "2017.04.03"]

1. e4 c5 2. Nf3 e6 3. b3 d6 4. Bb2 Nc6 5. Bb5 Bd7 6. O-O Nf6 7. Re1 a6 8. Bf1
Be7 9. c3 O-O 10. Na3 Rc8 11. Nc2 b5 12. d4 cxd4 13. Nfxd4 e5 14. Nf3 Be6 15.
Ng5 Qb6 16. Ne3 h6 17. Nxe6 fxe6 18. Qf3 Nh7 19. Qg4 Ng5 20. g3 d5 21. exd5 exd5
22. Bg2 e4 23. c4 Nb4 24. Rad1 Bf6 25. Ba3 Bc3 26. Rf1 dxc4 27. h4 Nh7 28. Bxb4
Bxb4 29. Rd7 Bc3 30. Nd5 h5 31. Qxh5 Qe6 32. Ne7+ Kh8 33. Ng6+ Kg8 34. Bh3 1-0

[Event "19th Dubai Open 2017"]
[Site "Dubai UAE"]
[Date "2017.04.04"]
[Round "2.35"]
[White "Aliyev, Ravan"]
[Black "Karthikeyan, P."]
[Result "1/2-1/2"]
[BlackTitle "IM"]
[WhiteElo "2256"]
[BlackElo "2507"]
[WhiteFideId "13409980"]
[BlackFideId "5018226"]
[EventDate "2017.04.03"]

1. d4 Nf6 2. c4 e6 3. Nf3 b6 4. a3 Bb7 5. Nc3 g6 6. Qc2 Bxf3 7. exf3 Nc6 8. Be3
Bg7 9. Be2 Ne7 10. Bd3 O-O 11. O-O c6 12. Rfd1 d5 13. cxd5 Nfxd5 14. Nxd5 cxd5
15. Rac1 Nf5 16. Bxf5 gxf5 17. Qa4 a6 18. Rc6 Qd7 19. f4 b5 20. Qc2 Rfc8 21. Rc1
Rxc6 22. Qxc6 Qxc6 23. Rxc6 Kf8 24. Kf1 Ke8 25. Rc7 Bf6 26. Ke2 Bd8 27. Rb7 Rc8
28. Kd3 Rc7 29. Rb8 Kd7 30. Bd2 Rc8 31. Rb7+ Rc7 32. Rb8 Rc8 33. Rb7+ Rc7 1/2-1/2